00331nam a2200121Ia 4500008004100000041000800041082001400049100002200063245004500085260003900130300003300169365000700202240624s9999 xx 000 0 und d aeng a659.1 FOM aFOMBRUN CHARLES J aFAME AND FORTUNE HOW SUCCESSFUL COMPANIE c2004aNew DelhibPearson Education axxviii, : 273 : p. : cm ; 24 cRS